000 00687nam a22001577a 4500
003 OSt
005 20151031160930.0
008 151031b xxu||||| |||| 00| 0 eng d
040 _cRUA
082 _aAGR TAI 2004 B030 Or.1
100 _93090
_aTAIN, KOUNG VENG.
245 _aEffect of plant spacing on soybean yield at royal university of agriculture, ឥទ្ធិពលនៃគម្លាតគុម្ពលើទិន្នផលសណ្ដែកសៀងក្នុងល័ក្ខខ័ណ្ឌសាកលវិទ្យាល័យភូមិន្ទកសិកម្ម
260 _aPhnom Penh
_bRIA
_c2004
300 _axiii; 55p.
_bill.
_c29cm.
942 _2ddc
_cAGR
999 _c2880
_d2880